=LDR 00000nam 2200000 4500 =001 INLIS000000000004006 =005 20130612092309 =008 ***********************************Ind** =035 ##$$0010-061300000004006 =041 ##$$a Ind =082 ##$$a 808.3 =090 ##$$a 808.3, Nur t =100 ##$$a Nurgiyantoro, Burhan =245 ##$$a Teori pengkajian fiksi, Drs.Burhan NurgiyantoromM.Pd =260 ##$$a 1995 $b Yogyakarta =300 ##$$a xiv, 347 hlm., ilus., 21 cm =650 ##$$a Fiksi =650 ##$$a Teori =850 ##$$a NBPNMAT